• 首页
  • 本馆介绍
  • 公告通知
  • 最新文献
  • 馆藏检索
  • 电子资源
  • 读者导购
  • 参考咨询
  • 我的图书馆
  • 登录
  • 详细信息显示
  • 放入我的书架
  • 预约/预借图书
  • 作者相关作品
  • 分类相关作品
  • 丛书相关作品
  • 出版社相关作品

书目信息

  • 表格格式
  • 工作单格式
  • 卡片格式
题名:
欧洲联盟
    
 
作者: 张定淮 著
分册:  
出版信息: 重庆   重庆出版社  2011.3
页数: 200页
开本: 21cm
丛书名: 深圳大学当代中国政治研究所学术文库
单 册:
中图分类: D814.1
科图分类:
主题词:
电子资源:
ISBN: 978-7-229-03451-1
000 01007nam 2200265 45
001 1356792890
005 20130515092457.06
010    @a978-7-229-03451-1@dCNY26.00
100    @a20130108d2011 em y0chiy50 ea
101 0  @achi
102    @aCN@b500000
105    @ay a 000yy
106    @ar
200 1  @a欧洲联盟@AOu Zhou Lian Meng@e体制与对外行为能力@ETi Zhi Yu Dui Wai Xing Wei Neng Li@f张定淮著@FZhang Ding Huai Zhu
210    @a重庆@c重庆出版社@d2011.3
215    @a200页@d21cm
225 2  @a深圳大学当代中国政治研究所学术文库
330    @a本书共分为5章,主要内容包括:欧盟性质辨析与再定位——准联邦制;欧洲一体化发展的非均衡性与准联邦形成的标志;准联邦制下欧洲联盟的共同外交行为能力的认定等。
461  0 @12001 @a深圳大学当代中国政治研究所学术文库
517 1  @a体制与对外行为能力@ATi Zhi Yu Dui Wai Xing Wei Neng Li
601 02 @a欧洲国家联盟@x研究
690    @aD814.1@v5
701  0 @a张定淮@AZhang Ding Huai@4著
801    @aCN@bTANGWEI@c20130108
905    @b0829441-45@dD814.1@e105@f5
    
    欧洲联盟:体制与对外行为能力/张定淮著.-重庆:重庆出版社,2011.3
    200页;21cm.-(深圳大学当代中国政治研究所学术文库)
    
    
    ISBN 978-7-229-03451-1:CNY26.00
    本书共分为5章,主要内容包括:欧盟性质辨析与再定位——准联邦制;欧洲一体化发展的非均衡性与准联邦形成的标志;准联邦制下欧洲联盟的共同外交行为能力的认定等。
●
相关链接 在E读中查询图书 在五车中查询图书 在当当中查询图书 在豆瓣中查询图书


正题名:欧洲联盟     索取号:D814.1/105         预约/预借

序号 登录号 条形码 馆藏地/架位号 状态 备注
1 0829441   208294415   第一样本阅览室/ [索取号:D814.1/105] 在馆    
2 0829442   208294424   第一借阅区/ [索取号:D814.1/105] 在馆    
3 0829443   208294433   第一借阅区/ [索取号:D814.1/105] 在馆    
4 0829444   208294442   第一借阅区/ [索取号:D814.1/105] 在馆    
5 0829445   208294451   第一借阅区/ [索取号:D814.1/105] 在馆    
唐山师范学院图书馆 欢迎您!
大连网信软件有限公司© 版权所有